000 00859nam a2200301Ia 4500
003 OSt
005 20221006154119.0
006 a|||||r|||| 00| 0
007 ta
008 221006b |||||||| |||| 00| 0 eng d
020 _a9789812302557
020 _a9812302557
024 _a34,441
037 _cTextual
040 _aEASL
_cEASL
_beng
041 _2eng
_aeng
082 _aV4:195,(X).P02, P4
100 _aDer Velde Paul ven Ed.
_9666654
245 0 _aEurasian space
_b Far more than two continents
260 _aNetherland
_bIIAS
_c2004
300 _a216p
_ccm.
490 _v Gen
650 _a Gen
650 _aAsia - Foreign relations - Economic
_9666655
700 _a Hwee Lay Yeo Ed.
_9666656
942 _hV4:195,(X).P02, P4
_cTEXL
_2CC
999 _c1102527
_d1102527